000 00634cam a22002293a 4500
001 17638
003 PGUSA
005 20140828083357.0
008 060130s2006||||xxu|||||s|||||000 | eng d
040 _aPGUSA
_beng
042 _adc
050 4 _aPT
100 1 _aAgrell, Alfhild,
_d1849-1923
245 1 0 _aHattu :
_bYksinäytöksinen huvinäytelmä
_h[electronic resource] /
_cAlfhild Agrell
260 _bProject Gutenberg,
_c2006
506 _aPublic domain in the USA.
516 _aElectronic text
653 _aDrama
830 0 _aProject Gutenberg
_v17638
856 4 0 _uhttp://www.gutenberg.org/ebooks/17638
942 _cEB
999 _c246893
_d246893